Vodohospodársky časopis Časopis pre hydrológiu a hydromechaniku

Uložené v:
Podrobná bibliografia
Médium: Seriál
Jazyk:Slovak
Vydavateľské údaje: Bratislava Veda 1986
Tagy: Pridať tag
Žiadne tagy, Buďte prvý, kto otaguje tento záznam!

MARC

LEADER 00000nas2a2200000 4500
001 s038017
005 20250730114149.2
041 0 |a slo 
044 |a SK 
245 1 0 |a Vodohospodársky časopis  |b Časopis pre hydrológiu a hydromechaniku 
264 1 |a Bratislava  |b Veda  |c 1986 
300 |a 1 zv. 
773 0 |w eu_un_cat*s120281